On This Day: September 9th Quiz Stats

 Plays Quiz Updated Sep 9, 2017

Score 0/7 Timer 03:00
0 Plays Today
Question Answer Wrong Answers
In Canada, the Official Languages Act comes into force, making this language equal to English throughout the Federal government.
1969
French
93.1%
Spanish
3.4%
Portuguese
0.8%
Latin
0.5%
This Russian author and playwright, known for his novels ‘War and Peace’ and ‘Anna Karenina’, is born.
1828
Leo Tolstoy
87.9%
Fyodor Dostoyevsky
7.9%
Anton Chekhov
3.1%
Ivan Turgenev
1.1%
The United States Department of ______ and Urban Development is established.
1965
Housing
80.6%
Planning
11%
Architecture
4.9%
Horticulture
1.6%
The Palestine Liberation Organization officially recognizes _______ as a legitimate state.
1993
Israel
78.8%
Kuwait
4.3%
Lebanon
12.3%
Cyprus
1.9%
The four-day ______ Prison riot begins, eventually resulting in 39 deaths.
1971
Attica
73.4%
Buffalo
9.1%
Three Rivers
6.1%
Walla Walla
9%
This territory is admitted as the 31st US state.
1850
California
50.8%
Oklahoma
26.4%
Illinois
10.2%
Idaho
11.7%
A Japanese floatplane drops incendiary bombs on this US state, though the damage done by the attack is minor.
1942
Oregon
23.4%
Washington
19.4%
Arizona
3.2%
Hawaii
52.6%

You're not logged in!

Compare scores with friends on all Sporcle quizzes.
OR
Log In

You Might Also Like...

Show Comments

Extras

Top Quizzes Today


Score Distribution

Your Account Isn't Verified!

In order to create a playlist on Sporcle, you need to verify the email address you used during registration. Go to your Sporcle Settings to finish the process.

Report this User

Report this user for behavior that violates our Community Guidelines.

Details: